| 000 | 00495nam a22001817a 4500 | ||
|---|---|---|---|
| 003 | ASAB | ||
| 005 | 20180827062823.0 | ||
| 008 | 180425t xxu||||| |||| 00| 0 eng d | ||
| 020 | _a978-81-261-3429-8 | ||
| 040 | _cASAB | ||
| 082 | _a632 | ||
| 100 |
_aR.C. Upadhyaya _93639 |
||
| 245 |
_aWeed Management of horticultural crops _cby R.C. Upadhyaya |
||
| 260 |
_aNew Delhi _bAnmol Publications pvt. ltd _c2008 |
||
| 300 |
_a256 P. _c21 cm |
||
| 648 |
_aWeed Management _93640 |
||
| 942 |
_2ddc _cBK |
||
| 999 |
_c480764 _d480764 |
||